Los oficios del jurista (Registro nro. 21810)

Detalles MARC
000 -LEADER
fixed length control field 00302 a2200109 4500
001 - CONTROL NUMBER
control field ART_42020
005 - DATE AND TIME OF LATEST TRANSACTION
control field 20260410161815.0
008 - FIXED-LENGTH DATA ELEMENTS--GENERAL INFORMATION
fixed length control field 260409a
100 1# - MAIN ENTRY--PERSONAL NAME
Personal name Binder, Alberto M.
245 10 - TITLE STATEMENT
Title Los oficios del jurista
773 0# - HOST ITEM ENTRY
Title Academia
Related parts - Año 3, Nº 5 (mar./jun. 2005)
Record control number REV4314

No hay ítems disponibles.